000 00217nam a22000977a 4500
999 _c16068
_d16068
003 OSt
008 191029b ||||| |||| 00| 0 eng d
100 _a Sadanandan, S L Puram.
_94520
245 _aKurushathra
942 _cBK